Թալիսման : (Record no. 88804)
[ view plain ]
| 000 -LEADER | |
|---|---|
| fixed length control field | 00748nam a2200193 a 4500 |
| 001 - CONTROL NUMBER | |
| control field | 000248441 |
| 003 - CONTROL NUMBER IDENTIFIER | |
| control field | AM-YeHGA |
| 005 - DATE AND TIME OF LATEST TRANSACTION | |
| control field | 20250618071652.0 |
| 008 - FIXED-LENGTH DATA ELEMENTS--GENERAL INFORMATION | |
| fixed length control field | 030718s1931 ai 000 | arm d |
| 040 ## - CATALOGING SOURCE | |
| Original cataloging agency | AM-YeHGA |
| 090 ## - LOCALLY ASSIGNED LC-TYPE CALL NUMBER (OCLC); LOCAL CALL NUMBER (RLIN) | |
| -- | 90090 |
| 100 1# - MAIN ENTRY--PERSONAL NAME | |
| Personal name | Մայորով, Ի. |
| 245 10 - TITLE STATEMENT | |
| Title | Թալիսման : |
| Remainder of title | Պիես 3 գործողությամբ / |
| Statement of responsibility, etc. | Ի. Մայորով; Փոխադր.՝ Արշ. Տ.-Հովնանյան. |
| 260 ## - PUBLICATION, DISTRIBUTION, ETC. | |
| Place of publication, distribution, etc. | Յերևան : |
| Name of publisher, distributor, etc. | Պետհրատ, |
| Date of publication, distribution, etc. | 1931. |
| 300 ## - PHYSICAL DESCRIPTION | |
| Extent | 46 էջ ; |
| Dimensions | 21 սմ. |
| 440 #0 - SERIES STATEMENT/ADDED ENTRY--TITLE | |
| Title | Գյուղական թատրոն |
| 650 14 - SUBJECT ADDED ENTRY--TOPICAL TERM | |
| Topical term or geographic name entry element | Ռուս գրականություն |
| General subdivision | Թատերգություն |
| 700 1# - ADDED ENTRY--PERSONAL NAME | |
| Personal name | Տեր-Հովնանյան, Արշալույս Հովհաննեսի, |
| Dates associated with a name | 1890-1958 |
| Relator term | փոխադր. |
| Relationship | trl |
| 9 (RLIN) | 2830 |
| Withdrawn status | Lost status | Damaged status | Not for loan | Collection | Home library | Current library | Date acquired | Total checkouts | Full call number | Barcode | Date last seen | Price effective from | Koha item type | Public note |
|---|---|---|---|---|---|---|---|---|---|---|---|---|---|---|
| General | Fundamental Scientific Library | Fundamental Scientific Library | 22/12/2016 | AII/39235 | 220039235 | 22/12/2016 | 22/12/2016 | Գրքեր / Books | 30 Days Loan |
ՀՀ Գիտությունների ազգային ակադեմիայի հիմնարար գիտական գրադարան = Fundamental Scientific Library of NAS RA
All site content, except where otherwise noted, is licensed under a